ThDr. Emil Stach - kňaz a publicista

Bibliographic Details
Main Author: Jurko, Jozef, 1950- (Author)
Format: Article
Language:Slovak

MARC

LEADER 00000nab a2200000 a 4500
001 vtls011114545
003 SK-MaSNL
005 20260303144036.0
008 230222|2004 xo |||||||||||||||||slo|
015 |a SNBRB 
035 |a (uuid)940db352-fe37-417a-8e21-6a922e13b635 
035 |a (urnnbn)urn:nbn:sk:snk:ar-a08izm 
035 |a urn:nbn:sk:snk-ab9la0 
040 |a SNKBUCL  |b slo  |c SNKBUCL  |e AACR2 
041 0 |a slo 
044 |a xo  |c SK 
100 1 |a Jurko, Jozef,  |d 1950-  |4 aut  |9 192669 
245 1 0 |a ThDr. Emil Stach - kňaz a publicista  |c Jozef Jurko 
773 0 |t Verba theologica : [odborný časopis teologických inštitútov Univerzity Komenského v Košiciach a v Spišskom Podhradí]  |g Roč. 3, č. 1 (2004), s. 75-83 
954 |a odborná, vedecká literatúra pôvodná (slovenská)  |2 lita 
958 |a OND 
958 |a EUIPO 
958 |a article13 
999 |c 1993913  |d 1995843